| 000 | 03007nam a22003257a 4500 | ||
|---|---|---|---|
| 001 | TZ 0049 | ||
| 003 | gtcocun | ||
| 005 | 20251013204410.0 | ||
| 006 | a||||gr|||| 00| 0 | ||
| 007 | ta | ||
| 008 | 251013b2014 gt ||||| m||| 00| 0 eng d | ||
| 040 |
_agtcocun _bSPA _cgtcocun _eRDA |
||
| 041 | _aSPA TZ 0049 | ||
| 084 | _0TZ 0049 | ||
| 100 |
_aBarrientos Reneau, Elvira Adelina _eAutor |
||
| 245 |
_aINFORME FINAL DEL EJERCICIO PROFESIONAL SUPERVISADO REALIZADO EN FINCAS PROPIEDAD DE LOS GANADEROS ASOCIADOS DEL MUNICIPIO DE CHISEC, ALTA VERAPAZ _cElvira Adelina Barrientos Reneau. _hImpreso |
||
| 264 |
_aCobán, Alta Verapaz: _bUniversidad de San Carlos de Guatemala, Centro Universitario del Norte, Zootecnia _c2014 |
||
| 300 |
_a47 p.: _bIlustraciones, gráficas. _c28 cm; |
||
| 336 |
_2rdacontenido _aTexto _btxt |
||
| 337 |
_2rdamedio _aComputadora _bn |
||
| 338 |
_2rdasoporte _aCódigo en línea _bcr |
||
| 502 | _eTZ 0049 | ||
| 502 |
_aTesis de grado _bZootecnia, _cUniversidad de San Carlos de Guatemala, Centro Universitario del Norte, Zootecnia _d2014 _oTZ 0049 |
||
| 520 | 1 | 4 | _aEl objeto de este estudio fue conocer la presencia del Virus Herpes Bovino 1 (VHB-1), agente causal de la Rinotraqueítis Infecciosa Bovina (IBR), por sus siglas en inglés, en bovinos de carne de las comunidades: El Paraíso, Yalchactí, Caquiquiché, Carolina y La Promesa, del municipio de Chisec, del Departamento de Alta Verapaz. Con esta finalidad se recolectaron 91 muestras de sueros bovinos procedentes de siete hatos, los cuales pertenecen a miembros de la Asociación de Ganaderos de dicho municipio. De acuerdo con los resultados del estudio, un 37.36 por ciento de los bovinos muestreados resultaron positivos; siendo ésta una infección latente del hospedador para toda la vida ocasionándole grandes daños al animal. De los animales muestreados, el 65.93 por ciento no manifestaban síntomas, y de éstos el 26.67 por ciento dieron positivo a la prueba; esto indica que la enfermedad estaba en forma latente. El 34.07 por ciento restante son animales que presentaron otros problemas reproductivos (abortos, terneros débiles al nacimiento, retenciones placentarias y repetición de celo), así también el 29.03 por ciento de estos fueron positivos a la prueba. Los resultados obtenidos, determinaron que los factores que permiten la presencia de esta enfermedad en los hatos estudiados son: La falta de manejo apropiado, la no aplicación de vacuna contra este virus y la intensificación del sistema de explotación a que son sometidos los hatos bovinos. |
| 650 | 1 | 4 |
_2LEMB _aChisec, Alta Verapaz _xZootecnia _xAsociación de Ganaderos _xAnimales muestreados _xRetenciones placentarias _xReproductivos _xRinotraqueitis |
| 700 |
_aIng. Quím. Edwin Valle Peralta _eAsesor |
||
| 856 |
_uhttps://drive.google.com/file/d/1l0DJLuXL-H2cX8sZ9TlQWUPYkvIb7E9Q/view _yPDF _zUn ejemplar en línea. |
||
| 942 |
_2ddc _cTES _iTZ 0049 _kClasificación _n0 _6TZ_0049_000000000000000 |
||
| 999 |
_c2325 _d2325 |
||